Statistics for Countries Starting With E

Click here to take the quiz!

General Stats

  • This quiz has been taken 59 times
  • The average score is 7 of 8

Answer Stats

ContinentAnswer% Correct
EuropeEstonia
96%
South AmericaEcuador
93%
North AmericaEl Salvador
93%
AfricaEswatini
91%
AfricaEgypt
87%
AfricaEritrea
87%
AfricaEthiopia
87%
AfricaEquatorial Guinea
74%

Score Distribution

Percentile by Number Answered

Percent of People with Each Score

Your Score History

You have not taken this quiz